000 00532nam a22001697a 4500
999 _c15268
_d15268
008 200518b ||||| |||| 00| 0 eng d
020 _a978-1-40885570-6
082 _22014
_aDFic
_bR797
100 _aRowling, J.K.
_942108
245 _aHarry Potter and the half-blood prince/
_cJ.K. Rowling
260 _aLondon :
_bBloomsbury,
_c2014.
300 _a541 pages :
_c20 cm.
440 _aThe Harry Potter Series ; 6
_942112
650 _aPotter, Harry (fictitious character)
_942109
365 _b557.14
_cPhp
942 _2ddc
_cDFIC